| 000 | 01220nam a22002297a 4500 | ||
|---|---|---|---|
| 008 | 120705t xxu||||| |||| 00| 0 eng d | ||
| 020 | _a9780073517223 | ||
| 020 | _a0073517224 | ||
| 050 | _aQA.76.73.B3.B69 | ||
| 100 | _aBradley, Julia Case. | ||
| 245 |
_aAdvanced programming using visual basic 2008. / _cJulia Case Bradley. |
||
| 250 | _a4th ed. | ||
| 260 |
_aNew York: _bMcGraw-Hill, _c2010. |
||
| 300 |
_axxii, 650 p. : _bill.; _c28cm. |
||
| 500 | _aIncludes index. | ||
| 505 | _aContents: Visual studio and the .NET framework -- Building multitier programs with classes -- Windows database applications -- Windows database using related tables -- Windows database updates -- Services -- Web applications -- Web database applications -- Reports -- collections -- user controls - Help files -- Additional topics in Visual Basic -- Appendix A: Answers to feedback questions -- Appendix B: Review of introductory concepts -- Appendix C: Deployments -- Appendix D: Tips and shortcuts for mastering the environment -- Glossary. | ||
| 650 | _aMicrosoft Visual BASIC. | ||
| 650 | _aComputer programming. | ||
| 650 | _aBASIC (Computer program language) | ||
| 700 | _aMillspaugh, Anita C. | ||
| 942 |
_2lcc _cBK |
||
| 999 |
_c7441 _d14941 |
||